000 00366nam a2200145Ia 4500
008 240624s9999 xx 000 0 und d
041 _aeng
082 _a658.5 ROG
100 _aROGERS DAVID
245 _aFUTURE OF LEAN SIGMA THINKING IN A CHANG
250 _a11
260 _c2011
_aLondon
_bCRC Press
300 _axiv, : 201 : p. : cm. ; 23
365 _cBPS
_b27
999 _c17782
_d17782